Directory of engineering firms engaged in resource recovery and solid waste management.

Bibliographic Details
Corporate Author: American Consulting Engineers Council
Format: Book
Language:English
Published: Washington, D.C. : American Consulting Engineers Council, [1979]
Subjects:

MARC

Tag First Indicator Second Indicator Subfields
LEADER 00000cam a2200000 a 4500
001 in00000658021
005 20151015065725.0
008 791030s1979 dcu r 00000 engmd
035 |a (OCoLC)05624737 
035 |9 ACW5409AM 
040 |a IDR  |c IDR  |d TXA  |d UtOrBLW 
043 |a n-us--- 
049 |a TXAM  |c [984096] 
090 |a TD786  |b .D57 
245 0 0 |a Directory of engineering firms engaged in resource recovery and solid waste management. 
264 1 |a Washington, D.C. :  |b American Consulting Engineers Council,  |c [1979] 
264 4 |c ©1979 
300 |a v, 47 pages ;  |c 28 cm. 
336 |a text  |b txt  |2 rdacontent 
337 |a unmediated  |b n  |2 rdamedia 
338 |a volume  |b nc  |2 rdacarrier 
650 0 |a Refuse and refuse disposal  |z United States  |x Directories. 
650 0 |a Recycling (Waste, etc.)  |z United States  |x Directories. 
710 2 |a American Consulting Engineers Council. 
999 |a MARS 
999 f f |s 8e44ce67-8dbd-3914-a69d-57415c5b4275  |i b332607a-c419-3943-8c76-fff6b5e0926f  |t 0 
952 f f |p ric  |a Texas A&M University  |b Rellis Campus  |c Joint Library Facility  |d Remote Storage  |t 0  |e TD786 .D57  |h Library of Congress classification  |i unmediated -- volume  |m A14805900545 
998 f f |a TD786 .D57  |s v.18 (1990)-v.19 (1991)  |t 0  |l Remote Storage